[Event "Moncada Cup-G"]
[Site "Santiago de Cuba"]
[Date "2019.03.28"]
[Round "9.2"]
[White "Ruiz Bisbe, Yamir"]
[Black "Zamora Pena, Norbel"]
[Result "0-1"]
[WhiteElo "1960"]
[BlackElo "1971"]
[PlyCount "78"]
[EventDate "2019.03.20"]
[EventType "tourn"]
[EventRounds "10"]
[EventCountry "CUB"]
[SourceTitle "EXT 2023"]
[Source "ChessBase"]
[SourceDate "2022.10.05"]
[SourceVersion "1"]
[SourceVersionDate "2022.10.05"]
[SourceQuality "1"]

1. d4 Nf6 2. c4 c5 3. d5 e6 4. Nc3 exd5 5. cxd5 d6 6. e4 g6 7. Be2 Bg7 8. h4 h5 9. Bg5 Nbd7 10. Qd2 Ne5 11. 0-0-0 Qa5 12. Kb1 Bd7 13. f3 b5 14. Nxb5 Qb6 15. Nc3 Rb8 16. Rc1 a6 17. Rc2 Bb5 18. Nxb5 axb5 19. Nh3 Nfd7 20. Nf2 Nc4 21. Bxc4 bxc4 22. Nd1 Ne5 23. f4 Nd3 24. e5 Nb4 25. Rxc4 Qa6 26. b3 Nxa2 27. Qb2 Nb4 28. Bf6 Bxf6 29. exf6 0-0 30. g4 Nd3 31. Qc3 Qa3 32. Kc2 Qa2+ 33. Nb2 Nb4+ 34. Kd2 Nxd5 35. Qc2 Rxb3 36. Na4 Qa3 37. Ra1 Qxa1 38. Qxb3 Re8 39. Rc1 Qd4+ 0-1

[Event "Moncada Cup-G"]
[Site "Santiago de Cuba"]
[Date "2019.03.23"]
[Round "4.2"]
[White "Zamora Pena, Norbel"]
[Black "Ruiz Bisbe, Yamir"]
[Result "1-0"]
[WhiteElo "1971"]
[BlackElo "1960"]
[PlyCount "57"]
[EventDate "2019.03.20"]
[EventType "tourn"]
[EventRounds "10"]
[EventCountry "CUB"]
[SourceTitle "EXT 2023"]
[Source "ChessBase"]
[SourceDate "2022.10.05"]
[SourceVersion "1"]
[SourceVersionDate "2022.10.05"]
[SourceQuality "1"]

1. e4 e5 2. Nf3 Nc6 3. Bb5 d6 4. d4 exd4 5. Nxd4 Bd7 6. Bxc6 bxc6 7. 0-0 Be7 8. Nc3 Nf6 9. f4 0-0 10. h3 d5 11. e5 Ne4 12. Nxe4 dxe4 13. Be3 c5 14. Nb3 c4 15. Nd4 c3 16. b3 c5 17. Ne2 Bb5 18. Qe1 Bh4 19. Bf2 Bxf2+ 20. Rxf2 e3 21. Rf3 Bxe2 22. Qxe2 Rc8 23. Qxe3 c4 24. f5 cxb3 25. axb3 Re8 26. Rg3 Qb6 27. Rxa7 Rxe5 28. f6 g6 29. Rb7 1-0

[Event "Moncada Cup-G"]
[Site "Santiago de Cuba"]
[Date "2019.03.22"]
[Round "3.2"]
[White "Perez Jimenez, Ibrahin"]
[Black "Zamora Pena, Norbel"]
[Result "0-1"]
[WhiteElo "1911"]
[BlackElo "1971"]
[PlyCount "83"]
[EventDate "2019.03.20"]
[EventType "tourn"]
[EventRounds "10"]
[EventCountry "CUB"]
[SourceTitle "EXT 2023"]
[Source "ChessBase"]
[SourceDate "2022.10.05"]
[SourceVersion "1"]
[SourceVersionDate "2022.10.05"]
[SourceQuality "1"]

1. d4 Nf6 2. c4 c5 3. e3 e6 4. Nc3 Be7 5. Be2 0-0 6. Nf3 d5 7. cxd5 Nxd5 8. 0-0 Nxc3 9. bxc3 Nd7 10. Qa4 Nb6 11. Qa5 Bd7 12. c4 Na4 13. Qxd8 Rfxd8 14. Ba3 Bf6 15. Rac1 Bc6 16. Rfd1 Rd7 17. Ne5 Bxe5 18. dxe5 Rad8 19. Rxd7 Rxd7 20. Rd1 Nc3 21. Rxd7 Bxd7 22. Bf3 b6 23. Bc1 Nxa2 24. Bd2 b5 25. cxb5 Bxb5 26. Be4 c4 27. Ba5 Nc1 28. Bc2 Nb3 29. Bxb3 cxb3 30. Bc3 Kf8 31. f4 Ke8 32. Kf2 Kd7 33. Ke1 a5 34. Kd2 a4 35. Bb4 Kc6 36. e4 Bf1 37. g3 Kb5 38. Ba3 Kc4 39. Bb2 Bg2 40. Ba3 Bxe4 41. h4 h5 42. Kd1 0-1

[Event "Moncada Cup-G"]
[Site "Santiago de Cuba"]
[Date "2019.03.20"]
[Round "1.1"]
[White "Zamora Pena, Norbel"]
[Black "Suarez Rojas, Elionays"]
[Result "1-0"]
[WhiteElo "1971"]
[BlackElo "1996"]
[PlyCount "55"]
[EventDate "2019.03.20"]
[EventType "tourn"]
[EventRounds "10"]
[EventCountry "CUB"]
[SourceTitle "EXT 2023"]
[Source "ChessBase"]
[SourceDate "2022.10.05"]
[SourceVersion "1"]
[SourceVersionDate "2022.10.05"]
[SourceQuality "1"]

1. e4 e5 2. Nf3 Nf6 3. Nc3 Nc6 4. Bc4 Bc5 5. 0-0 0-0 6. d3 h6 7. a3 a5 8. Be3 Bxe3 9. fxe3 d6 10. Qe1 Ne7 11. d4 Ng6 12. Qg3 Kh7 13. Rad1 Qe7 14. Nh4 Nxh4 15. Qxh4 c6 16. Rf3 Be6 17. Rdf1 Bxc4 18. Rxf6 g6 19. R1f3 Be6 20. d5 Bd7 21. g4 Rae8 22. Ne2 cxd5 23. Nc3 Be6 24. exd5 Bd7 25. Ne4 Be6 26. Rh3 h5 27. gxh5 g5 28. Qxg5 1-0

[Event "Santiago de Cuba Province-ch tt"]
[Site "Santiago de Cuba"]
[Date "2018.10.14"]
[Round "8.1"]
[White "Zamora Pena, Norbel"]
[Black "Chala Salas, Daniel Enrique"]
[Result "1-0"]
[WhiteElo "1904"]
[BlackElo "1908"]
[PlyCount "33"]
[EventDate "2018.10.09"]
[EventType "team-tourn"]
[EventRounds "10"]
[EventCountry "CUB"]
[SourceTitle "EXT 2021"]
[Source "ChessBase"]
[SourceDate "2020.10.23"]
[SourceVersion "1"]
[SourceVersionDate "2020.10.23"]
[SourceQuality "1"]

1. e4 c6 2. f4 d5 3. Nc3 d4 4. Nce2 d3 5. cxd3 Qxd3 6. Nc3 Qd8 7. Bc4 e6 8. Nf3 Bc5 9. d4 Bb4 10. 0-0 Nf6 11. e5 Ng8 12. f5 exf5 13. Qb3 Bxc3 14. Bxf7+ Kf8 15. bxc3 Qb6 16. Bxg8 Rxg8 17. Ba3+ 1-0

[Event "Santiago de Cuba Province-ch final"]
[Site "Santiago de Cuba"]
[Date "2018.09.30"]
[Round "8"]
[White "Zamora Pena, Norbel"]
[Black "Cabrera Ladron de Guevara, Mayra"]
[Result "1/2-1/2"]
[WhiteElo "1904"]
[BlackElo "2091"]
[PlyCount "89"]
[EventDate "2018.09.26"]
[EventType "swiss"]
[EventRounds "9"]
[EventCountry "CUB"]
[SourceTitle "EXT 2021"]
[Source "ChessBase"]
[SourceDate "2020.10.23"]
[SourceVersion "1"]
[SourceVersionDate "2020.10.23"]
[SourceQuality "1"]

1. e4 c5 2. Nc3 d6 3. f4 g6 4. Nf3 Bg7 5. Bc4 e6 6. 0-0 Nc6 7. d3 Nge7 8. a4 0-0 9. Kh1 a6 10. Qe1 Nd4 11. Nxd4 Bxd4 12. Ne2 Bg7 13. c3 Bd7 14. Qh4 Bc6 15. f5 exf5 16. Bg5 Re8 17. exf5 gxf5 18. Bxf7+ Kxf7 19. Qxh7 Qd7 20. Bxe7 Kxe7 21. Qxg7+ Kd8 22. Qxd7+ Kxd7 23. Nf4 Rh8 24. a5 Rh4 25. h3 Rg8 26. Kg1 Rxh3 27. d4 Be4 28. Rad1 Kc6 29. dxc5 dxc5 30. Rf2 Rhg3 31. c4 R3g4 32. Rdd2 Rh8 33. Ne6 Rgh4 34. Rfe2 Rh1+ 35. Kf2 R8h6 36. Nd8+ Kc7 37. Nf7 Rg6 38. Ke3 Rf1 39. Rf2 Rxf2 40. Rxf2 Rxg2 41. Rxg2 Bxg2 42. Kf4 Be4 43. Ng5 Bd3 44. Ne6+ Kd6 45. Nd8 1/2-1/2

[Event "Santiago de Cuba Province-ch final"]
[Site "Santiago de Cuba"]
[Date "2018.09.29"]
[Round "6"]
[White "Zamora Pena, Norbel"]
[Black "Blanco Hechavarria, Gerardo"]
[Result "1-0"]
[WhiteElo "1904"]
[BlackElo "1919"]
[PlyCount "81"]
[EventDate "2018.09.26"]
[EventType "swiss"]
[EventRounds "9"]
[EventCountry "CUB"]
[SourceTitle "EXT 2021"]
[Source "ChessBase"]
[SourceDate "2020.10.23"]
[SourceVersion "1"]
[SourceVersionDate "2020.10.23"]
[SourceQuality "1"]

1. e4 e6 2. d3 d5 3. Nd2 c5 4. Ngf3 Nc6 5. g3 g6 6. Bg2 Bg7 7. 0-0 Nge7 8. Re1 0-0 9. h4 h6 10. c3 dxe4 11. Nxe4 b6 12. Qc2 Ba6 13. Bf1 Rc8 14. Be3 Nf5 15. Qd2 Nce7 16. Qe2 Nxe3 17. Qxe3 Nd5 18. Qe2 Rc7 19. a4 Rd7 20. a5 Qc8 21. Qc2 Rfd8 22. h5 g5 23. Ned2 Nf6 24. Ne5 Rd6 25. axb6 axb6 26. Ndc4 Bxc4 27. Nxc4 Rc6 28. Bg2 Nd5 29. Qb3 Bf6 30. Ra2 Qb8 31. Rea1 b5 32. Ne3 Rcd6 33. Bxd5 exd5 34. Nf5 Rb6 35. Nxh6+ Kf8 36. Ng4 Be5 37. Ra8 Qxa8 38. Rxa8 Rxa8 39. Nxe5 Rd8 40. Qa3 b4 41. Qa5 1-0

[Event "Santiago de Cuba Province-ch final"]
[Site "Santiago de Cuba"]
[Date "2018.09.28"]
[Round "4"]
[White "Zamora Pena, Norbel"]
[Black "Cabrera Ramos, Brenda Milagros"]
[Result "1-0"]
[WhiteElo "1904"]
[BlackElo "1542"]
[PlyCount "88"]
[EventDate "2018.09.26"]
[EventType "swiss"]
[EventRounds "9"]
[EventCountry "CUB"]
[SourceTitle "EXT 2021"]
[Source "ChessBase"]
[SourceDate "2020.10.23"]
[SourceVersion "1"]
[SourceVersionDate "2020.10.23"]
[SourceQuality "1"]

1. e4 d5 2. exd5 Qxd5 3. Nc3 Qa5 4. d4 c6 5. Bc4 Nf6 6. Bd2 Bf5 7. Nf3 e6 8. 0-0 Bb4 9. a3 Bxc3 10. Bxc3 Qc7 11. Ne5 Nbd7 12. f4 Nd5 13. Bd2 0-0 14. Bb3 f6 15. Nxd7 Qxd7 16. c4 Nc7 17. Bc3 Qf7 18. Qf3 Qg6 19. Rae1 Kh8 20. Re3 Ne8 21. Bb4 Rf7 22. d5 Bg4 23. Qf2 exd5 24. cxd5 cxd5 25. Bxd5 Rd7 26. Be4 Qf7 27. Rfe1 Nd6 28. Bc2 Rad8 29. Qh4 Nf5 30. Qxg4 Nxe3 31. Rxe3 Rd4 32. Bc3 R4d6 33. Bb4 Rd4 34. Re7 f5 35. Qe2 Qg6 36. Bc3 R4d7 37. Bxg7+ Kg8 38. Bb3+ Rd5 39. Bxd5+ Rxd5 40. Bc3 Qb6+ 41. Kh1 Qd6 42. Rg7+ Kf8 43. Bb4 Rc5 44. Bxc5 Qxc5 1-0

[Event "Santiago de Cuba Province-ch Mix4"]
[Site "Santiago de Cuba"]
[Date "2018.09.25"]
[Round "10"]
[White "Zamora Pena, Norbel"]
[Black "Blanco Hechavarria, Gerardo"]
[Result "1-0"]
[WhiteElo "1904"]
[BlackElo "1919"]
[PlyCount "105"]
[EventDate "2018.09.19"]
[EventType "tourn"]
[EventRounds "10"]
[EventCountry "CUB"]
[SourceTitle "EXT 2021"]
[Source "ChessBase"]
[SourceDate "2020.10.23"]
[SourceVersion "1"]
[SourceVersionDate "2020.10.23"]
[SourceQuality "1"]

1. e4 e6 2. d3 c5 3. Nd2 d6 4. g3 Nf6 5. Bg2 Be7 6. f4 Nc6 7. Ngf3 Qc7 8. 0-0 Bd7 9. a4 Rb8 10. Kh1 0-0 11. b3 a6 12. Bb2 Rfc8 13. e5 Ne8 14. Ne4 d5 15. Nc3 Nd4 16. Ne2 Nxf3 17. Bxf3 b5 18. axb5 axb5 19. f5 exf5 20. Bxd5 Be6 21. Nf4 Kh8 22. Qf3 Rb6 23. Ra2 Qd8 24. Rfa1 Nc7 25. Bxe6 fxe6 26. g4 Qf8 27. Rg1 fxg4 28. Qxg4 Ne8 29. Ra7 Bd8 30. Qh5 Kg8 31. Rd7 Be7 32. Qg4 Kh8 33. Qh3 Qxf4 34. Rxe7 Qf8 35. Rd7 Rc7 36. Rf1 Qg8 37. Rd8 Rf7 38. Ra1 Rf8 39. Raa8 Qf7 40. Bc1 Rb7 41. Be3 Rc7 42. Bg1 c4 43. dxc4 bxc4 44. b4 Rb7 45. Bc5 Rg8 46. Qg2 Rd7 47. Qf2 Qxf2 48. Bxf2 Rxd8 49. Rxd8 Nc7 50. Rd6 h6 51. Rc6 Nd5 52. b5 Rf8 53. b6 1-0

[Event "Santiago de Cuba Province-ch Mix4"]
[Site "Santiago de Cuba"]
[Date "2018.09.24"]
[Round "9"]
[White "Del Rosario Silva, Dexnisi"]
[Black "Zamora Pena, Norbel"]
[Result "0-1"]
[WhiteElo "1911"]
[BlackElo "1904"]
[PlyCount "58"]
[EventDate "2018.09.19"]
[EventType "tourn"]
[EventRounds "10"]
[EventCountry "CUB"]
[SourceTitle "EXT 2021"]
[Source "ChessBase"]
[SourceDate "2020.10.23"]
[SourceVersion "1"]
[SourceVersionDate "2020.10.23"]
[SourceQuality "1"]

1. d4 Nf6 2. Nf3 c5 3. d5 e6 4. c4 exd5 5. cxd5 d6 6. Nc3 g6 7. e4 Bg7 8. Be2 0-0 9. 0-0 Re8 10. Nd2 Nbd7 11. f3 a6 12. a4 Qe7 13. Nc4 Rb8 14. Bf4 Ne5 15. Bxe5 dxe5 16. a5 Nh5 17. Nb6 Nf4 18. Kh1 Qg5 19. Rg1 Bh6 20. Qa4 Rd8 21. Qc4 Bf8 22. Nca4 Qh5 23. Nxc8 Rbxc8 24. Nb6 Rc7 25. Bd1 Rd6 26. b4 g5 27. bxc5 Rh6 28. h3 Qxh3+ 29. gxh3 Rxh3# 0-1

[Event "Santiago de Cuba Province-ch Mix4"]
[Site "Santiago de Cuba"]
[Date "2018.09.21"]
[Round "4"]
[White "Zamora Pena, Norbel"]
[Black "Del Rosario Silva, Dexnisi"]
[Result "1-0"]
[WhiteElo "1904"]
[BlackElo "1911"]
[PlyCount "67"]
[EventDate "2018.09.19"]
[EventType "tourn"]
[EventRounds "10"]
[EventCountry "CUB"]
[SourceTitle "EXT 2021"]
[Source "ChessBase"]
[SourceDate "2020.10.23"]
[SourceVersion "1"]
[SourceVersionDate "2020.10.23"]
[SourceQuality "1"]

1. e4 e6 2. d3 d5 3. Nd2 Nf6 4. Ngf3 Be7 5. g3 dxe4 6. dxe4 Nc6 7. Bg2 e5 8. 0-0 0-0 9. h3 a6 10. c3 b5 11. Qc2 Bb7 12. Rd1 Qc8 13. Nb3 Rd8 14. Bg5 Qe6 15. Nh4 h6 16. Be3 Qc4 17. Nf5 Bf8 18. Rac1 Rxd1+ 19. Qxd1 Rd8 20. Qf3 Qe6 21. g4 b4 22. g5 hxg5 23. Bxg5 bxc3 24. bxc3 Ba3 25. Re1 Ne7 26. Nh6+ Kh7 27. h4 gxh6 28. Bh3 Qb6 29. Bxf6 Rg8+ 30. Kh1 Rg6 31. Bxe7 Bxe7 32. Qxf7+ Rg7 33. Bf5+ Kh8 34. Qe8+ 1-0

[Event "Santiago de Cuba Province-ch Mix4"]
[Site "Santiago de Cuba"]
[Date "2018.09.19"]
[Round "2"]
[White "Zamora Pena, Norbel"]
[Black "Suarez Rojas, Elionays"]
[Result "0-1"]
[WhiteElo "1904"]
[BlackElo "1938"]
[PlyCount "54"]
[EventDate "2018.09.19"]
[EventType "tourn"]
[EventRounds "10"]
[EventCountry "CUB"]
[SourceTitle "EXT 2021"]
[Source "ChessBase"]
[SourceDate "2020.10.23"]
[SourceVersion "1"]
[SourceVersionDate "2020.10.23"]
[SourceQuality "1"]

1. e4 e5 2. Nc3 Nf6 3. g3 Bc5 4. Bg2 Nc6 5. d3 h6 6. Nge2 d6 7. Na4 Bb6 8. Nxb6 axb6 9. 0-0 0-0 10. h3 Be6 11. f4 Qe7 12. f5 Bd7 13. g4 d5 14. g5 hxg5 15. Bxg5 dxe4 16. dxe4 Rfd8 17. Qc1 Nb4 18. Bxf6 Qxf6 19. a3 Nc6 20. Ng3 Nd4 21. Kh2 Bc6 22. Bh1 Qh4 23. Rg1 Rd6 24. Qf1 Nxc2 25. Rc1 Ne3 26. Qe2 Rh6 27. Bg2 Ng4+ 0-1

[Event "CUB Province-chT Schools 54th"]
[Site "Santa Clara"]
[Date "2018.07.16"]
[Round "7.3"]
[White "Zamora Pena, Norbel"]
[Black "Ramos Silvera, Roberto Alejandro"]
[Result "0-1"]
[WhiteElo "1853"]
[BlackElo "2103"]
[PlyCount "76"]
[EventDate "2018.07.13"]
[EventType "team-swiss"]
[EventRounds "9"]
[EventCountry "CUB"]
[SourceTitle "CBM 195 Extra"]
[Source "ChessBase"]
[SourceDate "2020.05.31"]
[SourceVersion "1"]
[SourceVersionDate "2020.05.31"]
[SourceQuality "1"]
[WhiteTeam "Santiago de Cuba"]
[BlackTeam "Matanzas"]
[WhiteTeamCountry "CUB"]
[BlackTeamCountry "CUB"]

1. e4 c5 2. Nc3 Nc6 3. f4 g6 4. Nf3 Bg7 5. Bb5 Nd4 6. 0-0 Nxb5 7. Nxb5 d6 8. a4 Nf6 9. d3 0-0 10. Qe1 Bd7 11. e5 dxe5 12. fxe5 Nd5 13. Qh4 a6 14. Nc3 Nxc3 15. bxc3 Bc6 16. a5 Bxf3 17. Rxf3 Bxe5 18. Rh3 h5 19. Ra4 e6 20. Bg5 f6 21. Bh6 Rf7 22. Qe4 Kh7 23. Be3 Kg7 24. d4 cxd4 25. cxd4 Bc7 26. Qxe6 Re7 27. Qb3 Bxa5 28. Qd3 Bc7 29. c4 b5 30. Ra1 bxc4 31. Qxc4 Bb6 32. Rd1 Qc8 33. Qd3 Qe6 34. Rb1 Rd8 35. Rg3 f5 36. Rb3 f4 37. d5 Bxe3+ 38. Kh1 fxg3 0-1

[Event "CUB Province-chT Schools 54th"]
[Site "Santa Clara"]
[Date "2018.07.13"]
[Round "2.2"]
[White "Perez Leiva, Jerzy Jesus"]
[Black "Zamora Pena, Norbel"]
[Result "1-0"]
[WhiteElo "2326"]
[BlackElo "1853"]
[PlyCount "73"]
[EventDate "2018.07.13"]
[EventType "team-swiss"]
[EventRounds "9"]
[EventCountry "CUB"]
[SourceTitle "CBM 195 Extra"]
[Source "ChessBase"]
[SourceDate "2020.05.31"]
[SourceVersion "1"]
[SourceVersionDate "2020.05.31"]
[SourceQuality "1"]
[WhiteTeam "Villa Clara"]
[BlackTeam "Santiago de Cuba"]
[WhiteTeamCountry "CUB"]
[BlackTeamCountry "CUB"]

1. e4 c5 2. Nf3 Nc6 3. d4 cxd4 4. Nxd4 Nf6 5. Nc3 d6 6. Bg5 Qa5 7. Bxf6 gxf6 8. Nb3 Qe5 9. Qd2 Bg4 10. f3 Bd7 11. 0-0-0 Qh5 12. Kb1 Bh6 13. Qf2 a5 14. Nd5 a4 15. Nc7+ Kf8 16. Nxa8 axb3 17. cxb3 Qa5 18. Nb6 Be6 19. Bc4 Nb4 20. a3 Nc6 21. b4 Qh5 22. f4 Rg8 23. Be2 Bg4 24. Bxg4 Qxg4 25. g3 Kg7 26. Nd5 Qe6 27. Rhe1 Kh8 28. Qb6 Qd7 29. Qc7 Qh3 30. Qxb7 Nd8 31. Qxe7 Bg7 32. Nxf6 Qg2 33. e5 Rf8 34. Qxd6 Ne6 35. Qd3 Qh3 36. Qe4 Bxf6 37. exf6 1-0

[Event "Las Tunas 28 de Enero"]
[Site "Las Tunas"]
[Date "2018.01.25"]
[Round "3"]
[White "Salina Parra, Leandro"]
[Black "Zamora Pena, Norbel"]
[Result "1-0"]
[WhiteElo "1950"]
[BlackElo "1896"]
[PlyCount "89"]
[EventDate "2018.01.25"]
[EventType "tourn"]
[EventRounds "7"]
[EventCountry "CUB"]
[SourceTitle "EXT 2021"]
[Source "ChessBase"]
[SourceDate "2020.10.23"]
[SourceVersion "1"]
[SourceVersionDate "2020.10.23"]
[SourceQuality "1"]

1. d4 d6 2. g3 g6 3. Bg2 Bg7 4. Nf3 Nd7 5. c3 c5 6. e4 cxd4 7. Nxd4 Ngf6 8. 0-0 0-0 9. Nd2 Nc5 10. Qe2 Qb6 11. Re1 Ng4 12. Nc4 Qd8 13. f3 Nf6 14. Be3 b6 15. e5 dxe5 16. Nxe5 Bb7 17. Nec6 Qd7 18. Ne5 Qd5 19. Bf2 e6 20. c4 Qd8 21. Rad1 Qe7 22. Nec6 Qc7 23. f4 a6 24. b4 Ncd7 25. a4 Rfe8 26. b5 a5 27. Nb3 h5 28. c5 Ng4 29. Rxd7 Qxd7 30. Rd1 Qc8 31. cxb6 e5 32. Rd8 Qe6 33. Nc5 Qf6 34. Rxe8+ Rxe8 35. Nxb7 Nxf2 36. Kxf2 g5 37. Nbxa5 gxf4 38. gxf4 Qxf4+ 39. Kg1 e4 40. b7 Qc1+ 41. Bf1 Be5 42. Nxe5 Qc5+ 43. Kh1 Qxe5 44. Nc6 Qc7 45. b8Q 1-0

[Event "Las Tunas 28 de Enero"]
[Site "Las Tunas"]
[Date "2018.01.25"]
[Round "5"]
[White "Zamora Pena, Norbel"]
[Black "Figueredo Dominguez, Reinaldo R"]
[Result "1/2-1/2"]
[WhiteElo "1896"]
[BlackElo "1970"]
[PlyCount "132"]
[EventDate "2018.01.25"]
[EventType "tourn"]
[EventRounds "7"]
[EventCountry "CUB"]
[SourceTitle "EXT 2021"]
[Source "ChessBase"]
[SourceDate "2020.10.23"]
[SourceVersion "1"]
[SourceVersionDate "2020.10.23"]
[SourceQuality "1"]

1. e4 e5 2. Nc3 Nf6 3. Bc4 Nc6 4. a3 Bc5 5. d3 d6 6. Na4 Qe7 7. Ne2 Bg4 8. f3 Bh5 9. Bg5 h6 10. Bxf6 Qxf6 11. Nxc5 dxc5 12. 0-0 0-0-0 13. b4 Qd6 14. c3 g5 15. Qb3 Bg6 16. Kh1 h5 17. Rfb1 cxb4 18. axb4 g4 19. b5 Nb8 20. Bd5 gxf3 21. gxf3 Qb6 22. d4 h4 23. Qc4 Bh5 24. Qd3 Rxd5 25. exd5 Bg6 26. Qe3 Bxb1 27. Rxb1 Nd7 28. Qe4 Qg6 29. Qxg6 fxg6 30. Rg1 Rg8 31. dxe5 Nxe5 32. Nd4 Rf8 33. Re1 Nd3 34. Re7 Nf4 35. c4 Kd8 36. d6 Re8 37. Ne2 Nxe2 38. Rxc7 Nf4 39. Kg1 b6 40. Rxa7 Re6 41. c5 bxc5 42. b6 Rxd6 43. Ra8+ Kd7 44. b7 Rb6 45. b8Q Rxb8 46. Rxb8 Kd6 47. Rd8+ Ke5 48. Kf2 Ne6 49. Rd1 g5 50. Ke3 Nd4 51. Rc1 Ne6 52. Rg1 Kf5 53. Rc1 Ke5 54. Rc4 Kd5 55. Rg4 Ke5 56. Kd3 Kd5 57. Re4 Nf4+ 58. Ke3 Ne6 59. Ra4 Ke5 60. Re4+ Kd5 61. Kd3 Nf4+ 62. Kc3 Ne6 63. Kd3 Nf4+ 64. Kc3 Ne6 65. Rg4 Ke5 66. Re4+ Kd5 1/2-1/2

[Event "Las Tunas 28 de Enero"]
[Site "Las Tunas"]
[Date "2018.01.25"]
[Round "7"]
[White "Zamora Pena, Norbel"]
[Black "Hernandez Garcia, Roberto"]
[Result "1-0"]
[WhiteElo "1896"]
[BlackElo "1596"]
[PlyCount "79"]
[EventDate "2018.01.25"]
[EventType "tourn"]
[EventRounds "7"]
[EventCountry "CUB"]
[SourceTitle "EXT 2021"]
[Source "ChessBase"]
[SourceDate "2020.10.23"]
[SourceVersion "1"]
[SourceVersionDate "2020.10.23"]
[SourceQuality "1"]

1. e4 c5 2. Nc3 d6 3. Bc4 Nc6 4. d3 Nf6 5. f4 e6 6. Nf3 Be7 7. 0-0 0-0 8. a3 a6 9. Kh1 b5 10. Ba2 Bd7 11. h3 Nd4 12. g4 Nxf3 13. Qxf3 Bc6 14. f5 exf5 15. gxf5 Nd7 16. Rg1 Kh8 17. Qg4 Bf6 18. Bd5 Ne5 19. Qg2 Bxd5 20. Nxd5 Rg8 21. Bf4 Nc6 22. c3 Be5 23. Qg4 Bxf4 24. Qxf4 Ne7 25. Ne3 Nc6 26. Rg3 Qf6 27. Ng4 Qe7 28. Rag1 Ne5 29. d4 Nxg4 30. Rxg4 f6 31. Rh4 g5 32. fxg6 Rg7 33. Qf5 c4 34. Rh6 Re8 35. Rg4 Qe6 36. Qh5 Ree7 37. Rh4 Qd7 38. Qd5 Qc7 39. Rxh7+ Rxh7 40. Qa8+ 1-0

[Event "CUB School-chT"]
[Site "Santa Clara"]
[Date "2017.07.16"]
[Round "7.2"]
[White "Arteaga Garcia, Alejandro"]
[Black "Zamora Pena, Norbel"]
[Result "0-1"]
[WhiteElo "1974"]
[BlackElo "1891"]
[PlyCount "80"]
[EventDate "2017.07.13"]
[EventType "team-swiss"]
[EventRounds "9"]
[EventCountry "CUB"]
[SourceTitle "EXT 2023"]
[Source "ChessBase"]
[SourceDate "2022.10.05"]
[SourceVersion "1"]
[SourceVersionDate "2022.10.05"]
[SourceQuality "1"]

1. e4 g6 2. d4 Bg7 3. Nc3 d6 4. Be3 Nf6 5. f3 c6 6. Qd2 b5 7. Bd3 Nbd7 8. Nge2 a5 9. 0-0 Ba6 10. h3 b4 11. Nd1 Bxd3 12. Qxd3 0-0 13. f4 c5 14. c3 Rc8 15. Nf2 c4 16. Qd2 Qb6 17. Rac1 Qb7 18. Ng3 Rfe8 19. Rfe1 Qb5 20. Qe2 Nb6 21. Bd2 Qa4 22. Ra1 Qc2 23. Be3 Qxe2 24. Nxe2 Na4 25. g4 Nxb2 26. g5 Nd7 27. Bd2 Nd3 28. Reb1 e5 29. fxe5 dxe5 30. d5 Bf8 31. cxb4 axb4 32. Nxd3 cxd3 33. Nc1 Rc2 34. Bxb4 d2 35. Nd3 Bxb4 36. Rxb4 Rec8 37. Rbb1 R2c3 38. Nf2 Rc1+ 39. Nd1 Rxb1 40. Rxb1 Rc1 0-1

[Event "CUB School-chT"]
[Site "Santa Clara"]
[Date "2017.07.15"]
[Round "6.4"]
[White "Zamora Pena, Norbel"]
[Black "Gomez Almeida, Frank Luis"]
[Result "0-1"]
[WhiteElo "1891"]
[BlackElo "1838"]
[PlyCount "104"]
[EventDate "2017.07.13"]
[EventType "team-swiss"]
[EventRounds "9"]
[EventCountry "CUB"]
[SourceTitle "EXT 2023"]
[Source "ChessBase"]
[SourceDate "2022.10.05"]
[SourceVersion "1"]
[SourceVersionDate "2022.10.05"]
[SourceQuality "1"]

1. e4 c5 2. Nc3 d6 3. f4 Nc6 4. Bc4 g6 5. Nf3 Bg7 6. d3 e6 7. 0-0 Nge7 8. Kh1 0-0 9. a3 Nd4 10. Nxd4 cxd4 11. Ne2 d5 12. Ba2 dxe4 13. dxe4 b6 14. Ng3 Qc7 15. Bd2 a5 16. Rc1 Rd8 17. Qg4 Ra7 18. Qh4 Rf8 19. f5 exf5 20. Bh6 Bxh6 21. Qxh6 Qe5 22. exf5 Nxf5 23. Nxf5 Bxf5 24. Qd2 Qe3 25. Rcd1 Qxd2 26. Rxd2 Rc7 27. Bb3 Rd8 28. Rf4 Be6 29. g3 Bxb3 30. cxb3 Rcd7 31. Rf6 Rd6 32. Rxd6 Rxd6 33. Kg2 Kf8 34. Kf2 Ke8 35. Ke2 Kd7 36. Kd3 f5 37. Kc4 Kc6 38. a4 h6 39. b4 axb4 40. Kd3 Kd5 41. Rc2 Re6 42. Rc8 Re3+ 43. Kd2 Re6 44. Kd3 Re3+ 45. Kd2 Rf3 46. Ke2 Rb3 47. Rd8+ Kc6 48. Rxd4 Rxb2+ 49. Kf3 b3 50. Rb4 Rb1 51. Ke3 b2 52. Kd2 Rh1 0-1

[Event "CUB School-chT"]
[Site "Santa Clara"]
[Date "2017.07.14"]
[Round "4.3"]
[White "Sotolongo Lezcano, Javier"]
[Black "Zamora Pena, Norbel"]
[Result "1/2-1/2"]
[WhiteElo "1813"]
[BlackElo "1891"]
[PlyCount "90"]
[EventDate "2017.07.13"]
[EventType "team-swiss"]
[EventRounds "9"]
[EventCountry "CUB"]
[SourceTitle "EXT 2023"]
[Source "ChessBase"]
[SourceDate "2022.10.05"]
[SourceVersion "1"]
[SourceVersionDate "2022.10.05"]
[SourceQuality "1"]

1. e4 g6 2. d4 Bg7 3. Nf3 c5 4. dxc5 Qa5+ 5. c3 Qxc5 6. Na3 Nf6 7. Nb5 Ng4 8. Nfd4 e5 9. b4 Qb6 10. Qxg4 exd4 11. Qf4 0-0 12. Nc7 dxc3 13. a3 c2 14. Be3 Bc3+ 15. Ke2 Qc6 16. Rc1 Bb2 17. Nxa8 f5 18. Qc7 Qa6+ 19. Ke1 Qxa3 20. Qc4+ Kg7 21. Bd4+ Bxd4 22. Qxd4+ Rf6 23. Rxc2 Nc6 24. Qc3 Qa4 25. b5 Qxe4+ 26. Re2 Qb1+ 27. Kd2 Kf7 28. Re3 Rd6+ 29. Rd3 Re6 30. Nc7 Qe1+ 31. Kc2 Nb4+ 32. Kb3 Nxd3 33. Bxd3 Qxh1 34. Nxe6 dxe6 35. Qxc8 Qxg2 36. Qd7+ Kf6 37. Bc4 Qe4 38. Qxh7 Qb1+ 39. Kc3 Qc1+ 40. Kb4 Qd2+ 41. Ka4 Qd1+ 42. Bb3 Qd4+ 43. Ka3 Qc5+ 44. Ka4 Qd4+ 45. Ka3 Qc5+ 1/2-1/2